Использование двигателя-маховика для создания управляющих моментов космического аппарата; Космическое приборостроение

Bibliografiske detaljer
Parent link:Космическое приборостроение.— 2015.— [С. 73-75]
Hovedforfatter: Затонов И. А. Иван Андреевич
Institution som forfatter: Национальный исследовательский Томский политехнический университет
Andre forfattere: Мартемьянов В. М. Владимир Михайлович (научный руководитель)
Summary:Заглавие с титульного экрана
Sprog:russisk
Udgivet: 2015
Serier:Системы управления космическими аппаратами
Fag:
Online adgang:http://earchive.tpu.ru/handle/11683/64412
http://www.lib.tpu.ru/fulltext/c/2015/C22/015.pdf
Format: MixedMaterials Electronisk Book Chapter
KOHA link:https://koha.lib.tpu.ru/cgi-bin/koha/opac-detail.pl?biblionumber=612098

MARC

LEADER 00000naa2a2200000 4500
001 612098
005 20260421094328.0
035 |a (RuTPU)RU\TPU\conf\10177 
035 |a RU\TPU\conf\10164 
090 |a 612098 
100 |a 20150513d2015 k y0rusy50 ca 
101 0 |a rus 
102 |a RU 
135 |a drgn ---uucaa 
181 0 |a i  
182 0 |a b 
200 1 |a Использование двигателя-маховика для создания управляющих моментов космического аппарата  |f И. А. Затонов  |g науч. рук. В. М. Мартемьянов 
203 |a Текст  |c электронный 
225 1 |a Системы управления космическими аппаратами 
300 |a Заглавие с титульного экрана 
320 |a [Библиогр.: с. 75 (5 назв.)] 
337 |a Adobe Reader 
463 1 |0 (RuTPU)RU\TPU\conf\9748  |t Космическое приборостроение  |o сборник научных трудов III Всероссийского форума школьников, студентов, аспирантов и молодых ученых с международным участием, г. Томск, 8-10 апреля 2015 г.  |f Национальный исследовательский Томский политехнический университет (ТПУ)  |v [С. 73-75]  |d 2015 
610 1 |a труды учёных ТПУ 
610 1 |a электронный ресурс 
610 1 |a двигатели-маховики 
610 1 |a космические аппараты 
610 1 |a управление 
700 1 |a Затонов  |b И. А.  |c специалист в области электроники  |c инженер-электроник, ассистент Томского политехнического университета  |f 1995-  |g Иван Андреевич  |3 (RuTPU)RU\TPU\pers\36645  |9 19685 
702 1 |a Мартемьянов  |b В. М.  |c специалист в области приборостроения  |c доцент Томского политехнического университета, кандидат технических наук  |c выпускник Томского политехнического института 1971 г.  |f 1949-  |g Владимир Михайлович  |4 727 
712 0 2 |a Национальный исследовательский Томский политехнический университет  |c (2009- )  |9 26305 
801 2 |a RU  |b 63413507  |c 20210212  |g RCR 
856 4 |u http://earchive.tpu.ru/handle/11683/64412 
856 4 |u http://www.lib.tpu.ru/fulltext/c/2015/C22/015.pdf 
942 |c BK